[Event "Leiden SB-ch 1819"]
[Site "Leiden"]
[Date "2019.01.11"]
[Round "4"]
[White "Oosterom, Cor"]
[Black "Binnendijk, Daan"]
[Result "0-1"]
[WhiteElo "1290"]
[BlackElo "1876"]
[PlyCount "92"]
[EventDate "2018.10.19"]
[EventType "swiss"]
[EventRounds "9"]
[EventCountry "NED"]
[SourceTitle "EXT 2023"]
[Source "ChessBase"]
[SourceDate "2022.10.05"]
[SourceVersion "1"]
[SourceVersionDate "2022.10.05"]
[SourceQuality "1"]

1. f4 d6 2. Nf3 g6 3. g3 Bg7 4. Bg2 c5 5. 0-0 Nc6 6. d3 Nf6 7. c3 0-0 8. Na3 Bd7 9. Nc2 Qc7 10. e4 Rad8 11. Bd2 Qc8 12. Ne3 Ng4 13. Ne1 Nxe3 14. Bxe3 Bh3 15. Rf2 Bxg2 16. Nxg2 b6 17. Qf3 b5 18. Nh4 b4 19. cxb4 Nxb4 20. Qd1 Qa6 21. d4 Qd3 22. Qxd3 Nxd3 23. Rd2 cxd4 24. Bf2 Nxf2 25. Kxf2 Rb8 26. Rc1 Rfc8 27. Rdc2 Rxb2 28. Rxb2 Rxc1 29. Nf3 h6 30. Rd2 a5 31. Nxd4 Bxd4+ 32. Rxd4 Rc2+ 33. Kg1 Rxa2 34. Rc4 a4 35. Rc8+ Kg7 36. Re8 Kf6 37. Ra8 a3 38. Ra5 Re2 39. e5+ dxe5 40. fxe5+ Rxe5 41. Rxa3 Re2 42. h3 e5 43. Kf1 Rh2 44. g4 Kg5 45. Kg1 Rd2 46. Rf3 f5 0-1